| 000 | 00769cab a2200229 4500 | ||
|---|---|---|---|
| 001 | WB3338-21 | ||
| 008 | 090401t1997 xxu||||| |||| 00| 0 eng d | ||
| 035 | _a(Sirsi) u81182 | ||
| 041 | _aeng | ||
| 245 | _aLandfill gas directive | ||
| 260 | _c1997 | ||
| 350 | _a0 | ||
| 490 |
_aDoE News Release _v(349/ENV) 25 September 1997 (3) |
||
| 520 | _aThe UK government is to take issue with EU Commission over the proposed Directive on Landfill which it says should learn from UK experience on landfill gas. Background to directive and key articles are described. | ||
| 650 | _aEU DIRECTIVE | ||
| 650 | _aEUROPEAN COMMISSION | ||
| 650 | _aLANDFILL GAS | ||
| 650 | _aMETHANE | ||
| 690 | _aENVIRONMENTAL AND LAND CONSULTANCY | ||
| 942 | _n0 | ||
| 948 | _c01/10/1997 | ||
| 999 |
_c51160 _d51160 |
||